| 000 | 01676nas a2200457 i 4500 | ||
|---|---|---|---|
| 001 | 193437 | ||
| 003 | SpMaBN | ||
| 005 | 20240814063037.0 | ||
| 006 | m g d | ||
| 007 | cr*||||||||||| | ||
| 008 | 231204c20219999sp ar p so 0uuub0mul | ||
| 010 |
_an _b0 |
||
| 022 | 0 |
_a2951-651X _2_u |
|
| 035 | _aa7105712 | ||
| 037 | _bC/ del Parque, 10, 22002; tf. 974294120; c.e.: publicaciones@iea.es, www.iea.es | ||
| 040 |
_aSpMaBN _bspa _cSIC _erdc |
||
| 041 | 0 | _beng | |
| 080 | _a929 Costa, Joaquín | ||
| 080 | _a32 Costa, Joaquín | ||
| 130 | 0 |
_aRevista Joaquín Costa (Internet) _9234629 |
|
| 210 | 0 |
_aRev. Joaquín Costa _bInternet |
|
| 222 | 0 |
_aRevista Joaquín Costa _bInternet |
|
| 245 | 1 | 0 | _aRevista Joaquín Costa |
| 246 | 3 | _aJoaquín Costa | |
| 260 |
_aHuesca : _bInstituto de Estudios Altoaragoneses, _c2021- |
||
| 310 | _aAnual | ||
| 336 |
_aTexto (visual) _2isbdcontent |
||
| 337 |
_aelectrónico _2isbdmedia |
||
| 362 | 0 | _a33 (2021)- | |
| 546 | _aResúmenes en inglés | ||
| 594 | _aTítulo tomado de la portada del Pdf (consultado el 5 de diciembre 2023) | ||
| 600 | 1 | 4 |
_aCosta, Joaquín, _d1846-1911 _2embne _941054 |
| 655 | 0 |
_aPáginas Web _2tgfbne _9226719 |
|
| 655 | 7 |
_aRevistas electrónicas _2tgfbne _9226718 |
|
| 710 | 2 |
_0(isni)0000000108604464 _aInstituto de Estudios Altoaragoneses _94888 _eisb |
|
| 776 | 0 | 8 |
_w120 _iVersión impresa _tAnales de la Fundación Joaquín Costa = _xISSN 0213-1404 _0120 |
| 856 | 4 | 0 |
_uhttps://revistas.iea.es/index.php/JC/issue/archive _yAcceso electrónico |
| 942 |
_2udc _n0 _cREV_E |
||
| 955 | _bInmaculada Vicente García | ||
| 999 |
_c193437 _d193437 |
||